[Event "28th ch-YUG Youth Women"]
[Site "Obrenovac YUG"]
[Date "2002.01.10"]
[Round "2"]
[White "Stojanovic,Na"]
[Black "Popovic,J"]
[Result "1-0"]
[WhiteElo "2075"]
[BlackElo "2036"]

1.e4 c5 2.Nf3 e6 3.d4 cxd4 4.Nxd4 Nc6 5.Nc3 d6 6.Bc4 Nf6 7.Be3 a6 8.Qe2 Be7
9.O-O-O Qc7 10.Bb3 O-O 11.g4 Na5 12.g5 Nxb3+ 13.axb3 Nd7 14.Rhg1 b5 15.Rg3 Re8
16.Qh5 Nf8 17.Nf5 exf5 18.Nd5 Qa5 19.Nf6+ gxf6 20.gxf6+ Ng6 21.fxe7 fxe4
22.Bd4 Rxe7 23.Rxg6+ fxg6 24.Qd5+ Kf8 25.Qxa8 Qc7 26.Qd5 Bb7 27.Qg5 Ke8 28.Be3 d5
29.h4 Qe5 30.Qg4 Qf5 31.Qg3 Qf3 32.Qd6 Kf7 33.Bg5 Re8 34.Qd7+  1-0

[Event "28th ch-YUG Youth Women"]
[Site "Obrenovac YUG"]
[Date "2002.01.11"]
[Round "3"]
[White "Dimovska,A"]
[Black "Tuvic,N"]
[Result "1-0"]
[WhiteElo "2105"]
[BlackElo "2042"]

1.e4 c5 2.Nf3 Nc6 3.d4 cxd4 4.Nxd4 e6 5.Nc3 Qc7 6.Nb3 Nf6 7.Bd3 d5 8.exd5 Nxd5
9.Nxd5 exd5 10.O-O Be6 11.Be3 Bd6 12.Qh5 O-O-O 13.Nd4 Kb8 14.Nb5 Qd7 15.Nxd6 Qxd6
16.Qh4 Ka8 17.a4 h6 18.a5 g5 19.Qg3 Qd7 20.Bb6 f5 21.Qc7 f4 22.Qxd7 Rxd7
23.Rfe1 Bf7 24.Bc5 Rdd8 25.a6 b6 26.Bb5 Rc8 27.Bxc6+ Rxc6 28.Bd4 Rhc8 29.c3 Bg6
30.Re5 Rd6 31.Re7 Rcd8 32.Bg7 Bd3 33.h4 Bb5 34.Bd4 Re8 35.Rg7 gxh4 36.Rg4 Rde6
37.Kh2 f3 38.gxf3 Re2 39.b4 Bc4 40.Rxh4 Rg8 41.f4 Ree8 42.Rxh6 Ref8 43.Be5 Be2
44.Rh3 Rf7 45.Rg3 Rxg3 46.fxg3 Rh7+ 47.Kg2 Bd3 48.g4  1-0

[Event "TCh-CZE 2001-2"]
[Site "CZE"]
[Date "2002.01.12"]
[Round "6"]
[White "Jansa,Vl"]
[Black "Hasangatin,R"]
[Result "1/2-1/2"]
[WhiteElo "2496"]
[BlackElo "2480"]

1.e4 c5 2.Nf3 e6 3.Nc3 Nc6 4.d4 cxd4 5.Nxd4 Bb4 6.Nxc6 dxc6 7.Qxd8+ Kxd8
8.Bf4 Nf6 9.O-O-O+ Ke8 10.f3 Nd7 11.Nb1 e5 12.Bg3 Ke7 13.Nd2 f6 14.Be2 b5
15.c4 Ba6 16.Bf2 Bc5 17.Bxc5+ Nxc5 18.Nb3 Nxb3+ 19.axb3 b4 20.Kd2 c5 21.Ke3 Bb7
22.f4 Rhd8 23.Rxd8 Rxd8 24.Rd1 a6 25.g3 Rd4 26.Bd3 g6 27.h4 Rd8 28.Rf1 Rg8
29.g4 exf4+ 30.Rxf4 Bc8 31.g5 Rf8 32.Rf2 h6 33.gxh6 Rh8 34.e5 f5 35.Kf4 Rxh6
36.Kg5 Rh8 37.Kxg6 Rg8+ 38.Kh6 Rh8+ 39.Kg5 Rg8+ 40.Kh6 Rh8+ 41.Kg6 Rg8+ 42.Kh7 Rg3
43.Bxf5 Bxf5+ 44.Rxf5 Rxb3 45.e6 Rxb2 46.Rxc5 Rh2 47.Rc6 a5 48.Kg6 Rxh4 49.Kf5 a4
50.Rc7+ Kd8 51.Ra7 Rxc4  1/2-1/2

[Event "TCh-CZE 2001-2"]
[Site "CZE"]
[Date "2002.01.13"]
[Round "7"]
[White "Walek,M"]
[Black "Bauma,J"]
[Result "1-0"]
[WhiteElo "2296"]
[BlackElo "2246"]

1.e4 c5 2.Nf3 Nc6 3.Nc3 e6 4.d4 cxd4 5.Nxd4 Nf6 6.Ndb5 d6 7.Bf4 e5 8.Bg5 a6
9.Na3 b5 10.Bxf6 gxf6 11.Nd5 f5 12.c3 Bg7 13.exf5 Bxf5 14.Nc2 Bg6 15.Nce3 f5
16.g3 O-O 17.Bg2 Ra7 18.O-O f4 19.Nc2 f3 20.Bh3 Qg5 21.Nde3 Bxc2 22.Qxc2 Ne7
23.Rfd1 Rf6 24.Qe4 Rf4 25.Qd3 Rf6 26.Bg4 h5 27.h4 Qh6 28.Bh3 Kh8 29.a4 b4
30.cxb4 d5 31.Nxd5 Nxd5 32.Qxd5 Raf7 33.Qxe5 Rg6 34.Rd8+ Kh7 35.Qd5 Qf4 36.Qxh5+ Qh6
37.Qxh6+ Kxh6 38.Rd2 Rf4 39.b5 axb5 40.axb5 Rxh4 41.Bf5 Rg5 42.Ra6+ Kh5 43.Bg6+  1-0

[Event "54th ch-YUG Youth"]
[Site "Obrenovac YUG"]
[Date "2002.01.13"]
[Round "5"]
[White "Predojevic,B"]
[Black "Zivanic,M"]
[Result "0-1"]
[WhiteElo "2324"]
[BlackElo "2437"]

1.e4 c5 2.Nf3 e6 3.d4 cxd4 4.Nxd4 Nc6 5.Nc3 Qc7 6.Be2 a6 7.O-O Nf6 8.Kh1 Be7
9.f4 d6 10.Be3 O-O 11.Qe1 Nxd4 12.Bxd4 b5 13.a3 Bb7 14.Qg3 Bc6 15.Rae1 Rae8
16.Bf3 Rd8 17.Nd1 d5 18.e5 Ne4 19.Bxe4 dxe4 20.c3 f5 21.Qe3 Qb7 22.Nf2 Kh8
23.Nh3 a5 24.Rg1 Be8 25.Nf2 Rc8 26.h3 h6 27.Kh2 g5 28.h4 g4 29.g3 Bh5 30.Rd1 Rc6
31.Rb1 Kh7 32.Rgd1 Rd8 33.b4 Rb8 34.bxa5 Qc8 35.Ra1 Rc4  0-1

[Event "18th Open"]
[Site "Skopje MKD"]
[Date "2002.01.15"]
[Round "1"]
[White "Dworakowska,J"]
[Black "Andreeski,D"]
[Result "1-0"]
[WhiteElo "2441"]
[BlackElo "2110"]

1.e4 c5 2.Nf3 e6 3.d4 cxd4 4.Nxd4 Nc6 5.Nc3 Qc7 6.Be2 a6 7.Be3 b5 8.Nxc6 Qxc6
9.e5 Bb7 10.Bf3 Qc7 11.Bxb7 Qxb7 12.O-O Rc8 13.Qd3 Ne7 14.Rad1 Ng6 15.f4 Be7
16.Rf2 Nh4 17.Rfd2 Rc7 18.Ne4 Nf5 19.Bf2 h5 20.Qf3 h4 21.c3 a5 22.b3 Qc6
23.Rd3 Qb7 24.c4 f6 25.exf6 gxf6 26.c5 Kf7 27.a3 Rg8 28.h3 Rg6 29.b4 axb4
30.axb4 Qc6 31.Ra3 Rc8 32.Be1 Rcg8 33.Rd2 Nd4 34.Rxd4 Rxg2+ 35.Kf1 Rg1+ 36.Ke2 R8g2+
37.Bf2 d5 38.Qh5+ Kg7 39.Ra7 Kf8 40.Qh6+  1-0

[Event "TCh-AUT 2001-2"]
[Site "Graz AUT"]
[Date "2002.01.17"]
[Round "5"]
[White "Janetschek,K"]
[Black "Weissenbeck,M"]
[Result "1/2-1/2"]
[WhiteElo "2326"]
[BlackElo "2211"]

1.e4 c5 2.Nf3 Nc6 3.d4 cxd4 4.Nxd4 e6 5.Nc3 Qc7 6.Be2 a6 7.O-O Nf6 8.Be3 Be7
9.f4 d6 10.Qe1 O-O 11.Kh1 Na5 12.Rd1 b5 13.e5 dxe5 14.fxe5 Qxe5 15.Bf4 Qc5
16.Bf3 Bb7 17.Nb3 Qb6 18.Be3 Qc7 19.Bf4 Qb6  1/2-1/2

[Event "TCh-AUT 2001-2"]
[Site "Graz AUT"]
[Date "2002.01.17"]
[Round "5"]
[White "Baumegger,S"]
[Black "Hoelzl,F"]
[Result "0-1"]
[WhiteElo "2382"]
[BlackElo "2369"]

1.e4 c5 2.Nf3 Nc6 3.d4 cxd4 4.Nxd4 e6 5.Nc3 d6 6.Be2 Nf6 7.O-O Be7 8.Be3 Bd7
9.f4 Nxd4 10.Bxd4 Bc6 11.Bd3 O-O 12.Qf3 b5 13.Qh3 g6 14.Rae1 Nh5 15.Be3 b4
16.Ne2 Nf6 17.f5 e5 18.Bh6 Nxe4 19.Bxe4 Bxe4 20.Bxf8 Bxf8 21.Ng3 Bxc2 22.Qg4 Qb6+
23.Kh1 Qb7 24.Nh5 Kh8 25.Nf6 Bg7 26.Qh4 h6 27.Ng4 g5 28.Qf2 Bd3 29.Rg1 Rc8
30.h4 Rc4 31.Qe3  0-1

[Event "54th ch-YUG Youth"]
[Site "Obrenovac YUG"]
[Date "2002.01.18"]
[Round "9"]
[White "Nadjhedjesi,B"]
[Black "Djukic,Ni"]
[Result "0-1"]
[WhiteElo "2272"]
[BlackElo "2383"]

1.e4 c5 2.Nc3 Nc6 3.Nge2 e6 4.d4 cxd4 5.Nxd4 Qc7 6.g3 a6 7.Bg2 Nf6 8.O-O Bc5
9.Nxc6 dxc6 10.Na4 Ba7 11.c4 b5 12.e5 Nd7 13.Nc3 bxc4 14.Bf4 O-O 15.Ne4 Nxe5
16.Qh5 f6 17.Bxe5 Qxe5 18.Qxe5 fxe5 19.Nd6 Bd7 20.Nxc4 Bd4 21.Rae1 Rf5 22.Be4 Rf6
23.Bd3 Be8 24.Kg2 Rd8 25.Be4 c5 26.Rd1 Rb8 27.b3 Bb5 28.Rd2 a5 29.Rc1 Rbf8
30.f3 g5 31.h3 h5 32.g4 Rh6 33.Rh1 Kg7 34.Nd6 Ba6 35.Bd3 Bxd3 36.Rxd3 Kg6
37.Ne4 a4 38.Ng3 hxg4 39.hxg4 Rxh1 40.Kxh1 Rc8 41.Ne4 c4 42.bxc4 Rxc4 43.Kg2 Rc2+
44.Rd2 Rc1 45.Nf2 Bc3 46.Re2 Rb1 47.Nd3 Kf6 48.Nc5 Bd4 49.Ne4+ Kg6 50.Rc2 a3
51.Nd2 Rb2 52.Rxb2 axb2 53.Kf1 e4 54.fxe4 Kf6 55.Ke2 Bc3 56.Nb1 Bb4 57.Kd3 Ke5
58.Kc2 Kxe4 59.Kxb2 Kf4 60.Kb3 Ba5 61.Kc4 Kxg4 62.a4 Kf4 63.Nc3 Kf3 64.Nb5 g4
65.Nd4+ Ke3 66.Nxe6 g3 67.Ng5  0-1

[Event "28th ch-YUG Youth Women"]
[Site "Obrenovac YUG"]
[Date "2002.01.18"]
[Round "9"]
[White "Stojanovic,Na"]
[Black "Tuvic,N"]
[Result "1-0"]
[WhiteElo "2075"]
[BlackElo "2042"]

1.e4 c5 2.Nf3 e6 3.d4 cxd4 4.Nxd4 Nc6 5.Nc3 Qc7 6.Be2 a6 7.O-O Nf6 8.Kh1 Bb4
9.Bg5 Bxc3 10.Bxf6 Bxd4 11.Bxd4 Nxd4 12.Qxd4 O-O 13.Bd3 d6 14.f4 Qc5 15.Qf2 Qxf2
16.Rxf2 Bd7 17.Rd1 Bc6 18.c4 Rfd8 19.Rfd2 Rd7 20.Bc2 Rad8 21.Kg1 Kf8 22.Kf2 Ke7
23.Ke3 Rc8 24.g3 Rcd8 25.b4 Rb8 26.a4 Rdd8 27.Bb3 Be8 28.Rc1 b6 29.b5 a5
30.Rcd1 Rbc8 31.e5 dxe5 32.fxe5 Rxd2 33.Rxd2 Bd7 34.Rd6 Rb8 35.c5 bxc5 36.Bc4 Ra8
37.Be2 f6 38.Ra6 Rc8 39.exf6+ Kxf6 40.Bc4 Rd8 41.Rxa5 Be8 42.b6 Rb8 43.Ra6 Bd7
44.a5 Bc8 45.Ra7 e5 46.Rc7 Ra8  1-0

[Event "18th Open"]
[Site "Skopje MKD"]
[Date "2002.01.18"]
[Round "4"]
[White "Mitkov,N"]
[Black "Bojkovic,N"]
[Result "1-0"]
[WhiteElo "2492"]
[BlackElo "2427"]

1.e4 c5 2.Nc3 Nc6 3.Nf3 e6 4.d4 cxd4 5.Nxd4 Qc7 6.Be3 a6 7.Bd3 Nf6 8.O-O Ne5
9.h3 b5 10.f4 Nc4 11.Bxc4 Qxc4 12.Qd3 d5 13.e5 Nd7 14.Qd1 g6 15.a4 b4 16.Nce2 Bb7
17.c3 bxc3 18.Rc1 Qc7 19.Rxc3 Qd8 20.f5 gxf5 21.Nf4 Nc5 22.Qh5 Rg8 23.Rfc1 Rc8
24.Nfxe6 Nxe6 25.Nxe6 Qd7 26.Rxc8+ Bxc8 27.Nc7+ Kd8 28.Bb6 Rg6 29.e6 fxe6
30.Qh4+ Be7 31.Nxd5+  1-0

[Event "18th Open"]
[Site "Skopje MKD"]
[Date "2002.01.19"]
[Round "5"]
[White "Petkovski,V"]
[Black "Andreeski,D"]
[Result "1-0"]
[WhiteElo "2227"]
[BlackElo "2110"]

1.e4 c5 2.Nf3 e6 3.d4 cxd4 4.Nxd4 Nc6 5.Nc3 Qc7 6.Be3 a6 7.Be2 Nf6 8.a3 Be7
9.O-O O-O 10.f4 d6 11.Kh1 Bd7 12.Qe1 Nxd4 13.Bxd4 Bc6 14.Bd3 Rfe8 15.Qg3 Nh5
16.Qf2 Bf8 17.e5 g6 18.Ne4 Bxe4 19.Bxe4 d5 20.Bd3 Rac8 21.b4 Ng7 22.g4 a5
23.c3 axb4 24.axb4 Ra8 25.f5 Rec8 26.Qf4 Rxa1 27.Rxa1 Qd8 28.Ra7 Ra8 29.fxg6 hxg6
30.Rxb7 Ra1+ 31.Kg2 Ra2+ 32.Kg3 Be7 33.Bb6 Bh4+ 34.Kh3 Qe8 35.Kxh4 g5+ 36.Qxg5 Rxh2+
37.Kg3 Rh1 38.Kg2 Rd1 39.Bc2 Re1 40.Kf2 Rh1 41.Qf4 d4 42.Ba7  1-0

[Event "TCh-AUT 2001-2"]
[Site "Graz AUT"]
[Date "2002.01.20"]
[Round "8"]
[White "Wegener,D"]
[Black "Baumegger,S"]
[Result "1/2-1/2"]
[WhiteElo "2345"]
[BlackElo "2382"]

1.e4 c5 2.Nf3 Nc6 3.d4 cxd4 4.Nxd4 e6 5.Nc3 Qc7 6.Be2 a6 7.O-O Nf6 8.Be3 Be7
9.f4 d6 10.Qe1 O-O 11.Qg3 Nxd4 12.Bxd4 b5 13.a3 Bb7 14.Bd3 e5 15.fxe5 Nh5
16.Qf2 dxe5 17.Bb6 Qd6 18.Rad1 Nf4 19.Be3 b4 20.axb4 Qxb4 21.Bxf4 exf4 22.Qxf4 Qxb2
23.Nd5 Bxd5 24.exd5 Qb6+ 25.Kh1 Bd6 26.Qe4 g6 27.Rf6 Qc7 28.Qc4 Qe7 29.Rdf1 Qe5
30.g3 Rac8 31.Qe4 a5 32.Qxe5 Bxe5 33.Ra6 Ra8 34.Re1 f6 35.Re4 Rxa6 36.Bxa6 Ra8
37.Bb5 Kf7 38.Ba4 Ke7 39.Rc4 Kd6 40.Bb3 Ra6 41.Rh4 h5 42.Kg2 Kc5 43.Re4 Rb6
44.Rc4+ Kb5 45.h3 Rb7 46.Re4 Ra7 47.Ba4+ Kc5 48.Bb3 Rc7 49.g4 hxg4 50.hxg4 g5
51.Rc4+ Kb5 52.Rxc7 Bxc7 53.Kf3 a4 54.Ba2 Kb4 55.Ke4 Ka3  1/2-1/2

[Event "39th BPCL ch-IND"]
[Site "Nagpur IND"]
[Date "2002.01.20"]
[Round "5"]
[White "Swathi,G"]
[Black "Mishra,N"]
[Result "1-0"]
[WhiteElo "2362"]
[BlackElo "2321"]

1.e4 c5 2.Nf3 e6 3.d4 cxd4 4.Nxd4 Nc6 5.Nc3 Qc7 6.Be3 a6 7.Qd2 Nf6 8.f3 b5
9.O-O-O Bb7 10.g4 h6 11.h4 Nxd4 12.Bxd4 Bc5 13.e5 Bxd4 14.Qxd4 Ng8 15.Bxb5 axb5
16.Nxb5 Qc6 17.Nd6+ Ke7 18.Qb4 Ba6 19.Rhe1 Kf8 20.Nf5+ Ke8 21.Nxg7+ Kd8 22.Qf8+ Kc7
23.Ne8+ Kb7 24.Qb4+ Ka7 25.Rd6 Rxe8 26.Rxc6 dxc6 27.Rd1 Re7 28.Rd8 Rb7 29.Qd4+ Rb6
30.a4  1-0

[Event "54th ch-YUG Youth"]
[Site "Obrenovac YUG"]
[Date "2002.01.20"]
[Round "11"]
[White "Nadjhedjesi,B"]
[Black "Zivanic,M"]
[Result "0-1"]
[WhiteElo "2272"]
[BlackElo "2437"]

1.e4 c5 2.Nf3 e6 3.d4 cxd4 4.Nxd4 Nc6 5.Nc3 Qc7 6.g3 a6 7.Bg2 Nf6 8.O-O h6
9.Re1 Nxd4 10.Qxd4 Bc5 11.Qd1 d6 12.Bf4 e5 13.Be3 Be6 14.Qd2 O-O 15.h3 Bb4
16.Red1 Rac8 17.a3 Bxc3 18.Qxc3 Qxc3 19.bxc3 Rfd8 20.Bb6 Rd7 21.Ba5 d5 22.Rab1 b5
23.a4 dxe4 24.axb5 Rxd1+ 25.Rxd1 axb5 26.Re1 Bd5 27.Rb1 Bc4 28.Re1 h5 29.Kh2 Bd5
30.Rb1 Bc6 31.Bf1 Ra8 32.Bc7 Ra2 33.Bxe5 Rxc2 34.Kg1 Bd7 35.h4 e3 36.fxe3 Ng4
37.Bd4 Bc6 38.Re1 Bf3 39.Bh3 Be4 40.Ra1  0-1

[Event "18th Open"]
[Site "Skopje MKD"]
[Date "2002.01.21"]
[Round "7"]
[White "Erdogdu,M"]
[Black "Andreeski,D"]
[Result "1/2-1/2"]
[WhiteElo "2318"]
[BlackElo "2110"]

1.e4 c5 2.Nf3 e6 3.d4 cxd4 4.Nxd4 Nc6 5.Nc3 Qc7 6.g3 a6 7.Bg2 d6 8.O-O Nf6
9.Re1 Bd7 10.Nxc6 Bxc6 11.Bf4 Be7 12.Qd3 O-O 13.Rad1 Rfd8 14.h3 Rac8 15.g4 b5
16.a3 Qb7 17.Qg3 a5 18.Qe3 b4  1/2-1/2

[Event "54th ch-YUG Youth"]
[Site "Obrenovac YUG"]
[Date "2002.01.22"]
[Round "13"]
[White "Boskovic,D"]
[Black "Zivanic,M"]
[Result "1/2-1/2"]
[WhiteElo "2354"]
[BlackElo "2437"]

1.e4 c5 2.Nf3 e6 3.d4 cxd4 4.Nxd4 Nc6 5.Nc3 Qc7 6.Be2 a6 7.O-O Nf6 8.Be3 Be7
9.f4 d6 10.Kh1 O-O 11.Qe1 Nxd4 12.Bxd4 b5 13.a3 Bb7 14.Qg3 Bc6 15.Rae1 Rae8
16.Bd3 e5 17.fxe5 Nh5 18.Qh3 dxe5 19.Be3 Nf4 20.Bxf4 exf4 21.e5 g6 22.Be4 f5
23.Nd5 Bxd5 24.Bxd5+ Kg7 25.Bb3 Bg5 26.e6 Qc6 27.c3 Re7 28.Qf3 Qxf3 29.gxf3  1/2-1/2

[Event "90th LSK Metalka Trgovina"]
[Site "Ljubljana SLO"]
[Date "2002.01.23"]
[Round "5"]
[White "Podlesnik,B"]
[Black "Volokitin,A"]
[Result "1/2-1/2"]
[WhiteElo "2397"]
[BlackElo "2586"]

1.e4 c5 2.Nf3 e6 3.d4 cxd4 4.Nxd4 Nc6 5.Nc3 a6 6.f4 Nxd4 7.Qxd4 b5 8.Bd3 Bb7
9.Qf2 Nf6 10.e5 b4 11.exf6 bxc3 12.fxg7 Bxg7 13.b3 d5 14.Ba3 d4 15.O-O Qa5
16.Bd6 O-O-O 17.b4 Qd5 18.Bc5 Rhg8 19.Rfe1 f5 20.Rad1 Bf6 21.Bf1 Bh4 22.Qe2 Bxe1
23.Rxe1 Rg6 24.Qf2 Rdg8 25.Re2 Qxa2 26.Qxd4 Bxg2 27.Qxc3 Qc4 28.Qxc4 Bd5+
29.Kf2 Bxc4 30.Re3 Bxf1 31.Kxf1 Rg1+ 32.Ke2 R8g2+ 33.Kd3 Rxh2 34.Rxe6 Rg3+
35.Kd4 Rg6 36.Re8+ Kd7 37.Re7+ Kc6 38.c4 Rd2+ 39.Ke3 Rd7 40.Re8 Rg3+ 41.Ke2 Rc3
42.Re6+ Kb7 43.Rb6+ Kc7 44.Rxa6 Rxc4 45.Ra7+ Kc8 46.Ra8+ Kc7 47.Ra7+ Kc6
48.b5+ Kxb5 49.Rxd7 Kxc5 50.Rxh7 Rxf4 51.Rd7 Rd4 52.Rxd4 Kxd4 53.Kf3 Ke5
54.Ke3 f4+ 55.Kf3 Kf5 56.Kf2 Ke4 57.Ke2 f3+ 58.Kf2 Kf4 59.Kf1 Ke3 60.Ke1 f2+
61.Kf1 Kf3  1/2-1/2

[Event "39th BPCL ch-IND"]
[Site "Nagpur IND"]
[Date "2002.01.24"]
[Round "9"]
[White "Mahesh Chandran,P"]
[Black "Kunte,A"]
[Result "0-1"]
[WhiteElo "2436"]
[BlackElo "2479"]

1.e4 c5 2.Nf3 e6 3.d4 cxd4 4.Nxd4 Nc6 5.Nc3 Qc7 6.Be3 a6 7.Be2 Nf6 8.O-O Be7
9.f4 d6 10.Kh1 O-O 11.a4 Nxd4 12.Bxd4 e5 13.Be3 exf4 14.Bxf4 Be6 15.Qd2 Nd7
16.a5 Rac8 17.Rfd1 Ne5 18.Be3 Qc6 19.Bd4 Bf6 20.Ra3 Be7 21.Ra4 Nd7 22.Qf4 Rfd8
23.Rb4 Qc7 24.Qg3 Bf6 25.Bxf6 Nxf6 26.Rb6 Ne8 27.h3 Rd7 28.Bg4 Qc5 29.Rd5 Qc4
30.Kh2 Bxg4 31.Qxg4 Nf6 32.Qf5 Nxd5 33.Nxd5 Rcd8 34.Rb3 Qd4 35.Rg3 Kh8 36.Qg4 Qe5
37.c3 f6 38.h4 Rf7 39.h5 f5 40.Qh4 Re8 41.h6 fxe4  0-1

[Event "Corus"]
[Site "Wijk aan Zee NED"]
[Date "2002.01.24"]
[Round "10"]
[White "Leko,P"]
[Black "Lautier,J"]
[Result "1/2-1/2"]
[WhiteElo "2713"]
[BlackElo "2687"]

1.e4 c5 2.Nf3 Nc6 3.d4 cxd4 4.Nxd4 e6 5.Nc3 a6 6.Be2 d6 7.Be3 Nf6 8.O-O Be7
9.f4 O-O 10.Kh1 Bd7 11.a4 Nxd4 12.Qxd4 Bc6 13.a5 Qc7 14.f5 Rac8 15.Qd3 Rfe8
16.Bb6 Qd7 17.Bf3 Bd8 18.Bd4 Qc7 19.fxe6 fxe6 20.Qe3 Qf7 21.Be2 e5 22.Ba7 Kh8
23.Bd3 Ra8 24.Rf3 Qe6 25.b3 Qg4 26.Qf2 Be7 27.Re1 Rf8 28.Rf1 Nd7 29.Qe2 Rxf3
30.Rxf3 Qg6 31.Be3 Rf8 32.Rxf8+ Nxf8 33.Nd5 Bd8 34.b4 Ne6 35.Qf3 h6 36.c4 Bg5
37.Bf2 Qe8 38.Be1 Nd4 39.Qf2 Bxd5 40.cxd5 Kg8 41.Be2  1/2-1/2

[Event "Kaissa Open"]
[Site "Kharkov UKR"]
[Date "2002.01.25"]
[Round "4"]
[White "Andreev,Ed"]
[Black "Vinogradov,P"]
[Result "1/2-1/2"]
[WhiteElo "2441"]
[BlackElo "2305"]

1.e4 c5 2.Nf3 e6 3.d4 cxd4 4.Nxd4 Nc6 5.Nc3 Qc7 6.Be3 a6 7.Bd3 Nf6 8.O-O b5
9.Qe2 Bb7 10.Kh1 Be7 11.f4 d6 12.a4 b4 13.Na2 d5 14.e5 Nxd4 15.Bxd4 Ne4 16.c3 bxc3
17.Nxc3 Nxc3 18.bxc3 g6 19.Rf3 Bc5 20.g4 h5 21.Rh3 Bxd4 22.cxd4 Ke7 23.Qb2 hxg4
24.Rc1 Bc6 25.Qb4+ Kd7 26.Rxh8 Rxh8 27.Bb5 axb5 28.axb5 Rb8 29.Rxc6 Qa7 30.Qd6+ Ke8
31.Rc1 Rd8 32.b6 Qa2 33.Qc6+ Kf8 34.Qc2 Qa6 35.Qc7 Re8 36.b7 Qe2 37.Qc3 Kg7
38.Re1 Qb5 39.Qc8 Qb4 40.Rc1 Qxd4  1/2-1/2

[Event "CMA Futurity"]
[Site "Montreal CAN"]
[Date "2002.01.25"]
[Round "3"]
[White "Gravel,S"]
[Black "Divljan,I"]
[Result "1-0"]
[WhiteElo "2261"]
[BlackElo "2258"]

1.e4 c5 2.Nf3 e6 3.d4 cxd4 4.Nxd4 Nc6 5.Nc3 Qc7 6.g3 a6 7.Bg2 Nf6 8.O-O d6
9.Re1 Be7 10.Nxc6 bxc6 11.e5 dxe5 12.Rxe5 O-O 13.Re1 Rd8 14.Qe2 Bb7 15.Bf4 Qb6
16.Na4 Qa5 17.b3 Bb4 18.Red1 Nd5 19.Be5 Nc3 20.Bxc3 Bxc3 21.Nxc3 Qxc3 22.Rxd8+ Rxd8
23.Rd1 Rd4 24.Be4 g6 25.Rxd4 Qxd4 26.Qf3 e5 27.g4 Bc8 28.h3 c5 29.Bd5 Be6
30.Bxe6 fxe6 31.Qa8+ Kg7 32.Qxa6 Qd1+ 33.Kg2 Qxc2 34.Qxe6 Qe4+ 35.Kh2 Qd4
36.Qe7+ Kg8 37.Qf6 Qd5 38.Kg3 Qd3+ 39.Kg2 Qd5+ 40.Kg3 Qd3+ 41.Qf3 Qd4 42.a4 c4
43.bxc4 Qxc4 44.Qa8+ Kg7 45.Qa7+ Kg8 46.a5 Qf4+ 47.Kg2 Qe4+ 48.Kh2 Qf4+ 49.Kg1 h5
50.Qb8+ Kg7 51.Qc7+ Kh6 52.Qc5 Qa4 53.Qe3+ Kh7 54.Qxe5 hxg4 55.hxg4 Qxg4+
56.Kf1 Qd1+ 57.Kg2 Qg4+ 58.Kh2 Qh4+ 59.Kg2 Qg4+ 60.Qg3 Qa4 61.Qc7+ Kh6 62.Kg3 Qa3+
63.Kg4 Qa2 64.Qh2+ Kg7 65.Qc7+ Kh6 66.Qf4+ Kh7 67.Qh2+ Kg7 68.Qe5+ Kh7 69.Qc5 Kh6
70.Kf3 Qa1 71.Ke4 Qa4+ 72.Kd5 Qd7+ 73.Ke5 Qf5+ 74.Kd6 Qf8+ 75.Kc6 Qc8+ 76.Kb5 Qb7+
77.Qb6 Qd5+ 78.Kb4 Qd2+ 79.Kc4 Qa2+ 80.Kd3 Qd5+ 81.Ke2 Qa2+ 82.Ke3 Qa3+ 83.Kf4 Qc1+
84.Qe3 g5+ 85.Kf5 Qc2+ 86.Kf6 Qg6+ 87.Ke7 Qg7+ 88.Kd6 Qf8+ 89.Kc6 Qa8+ 90.Kb5 Qd5+
91.Qc5 Qb3+ 92.Kc6 Qf3+ 93.Kc7 Qf7+ 94.Kb8 Qg8+ 95.Kb7 Qf7+ 96.Qc7 Qa2 97.a6 Kh5
98.Qh7+ Kg4 99.Qe4+ Kh5 100.Qh1+ Kg4 101.Qg2+ Kh5 102.Qf3+ g4 103.Qf5+ Kh4
104.Qh7+ Kg5 105.Qg7+ Kf5 106.Qd7+ Kg5 107.Qg7+ Kf5 108.Qd7+ Kg5 109.a7 Qb3+
110.Kc7 Qc4+ 111.Qc6  1-0

[Event "GMA"]
[Site "Bermuda BER"]
[Date "2002.01.27"]
[Round "6"]
[White "Socko,B"]
[Black "Handke,F"]
[Result "1-0"]
[WhiteElo "2585"]
[BlackElo "2450"]

1.e4 c5 2.Nf3 e6 3.d4 cxd4 4.Nxd4 Nc6 5.Nc3 Qc7 6.Be2 a6 7.Be3 Nf6 8.a3 Nxd4
9.Qxd4 Bd6 10.Qd2 Be5 11.Bd4 Bf4 12.Qd3 b5 13.g3 Bd6 14.O-O-O b4 15.Bxf6 gxf6
16.Qxd6 Qxd6 17.Rxd6 bxc3 18.b3 Bb7 19.f3 Ke7 20.Rb6 Rhb8 21.Rd1 a5 22.Bb5 Bc8
23.Rxb8 Rxb8 24.Bc4 Bb7 25.Rd3 f5 26.exf5 Rc8 27.fxe6 fxe6 28.f4 Rc5 29.Re3 a4
30.Be2 axb3 31.cxb3 d5 32.Re5 Kd6 33.Bd3 Rc7 34.Rh5 Rc6 35.b4 Rb6 36.b5 Kc5
37.Kc2 Kd4 38.a4 Bc6 39.Rxh7 Rb8 40.Rc7 Rh8 41.h4 Be8 42.Rxc3 Rg8 43.Be2 Bg6+
44.Kd2 Ra8 45.Bd1  1-0

[Event "Kaissa Open"]
[Site "Kharkov UKR"]
[Date "2002.01.27"]
[Round "6"]
[White "Posohov,D"]
[Black "Vinogradov,P"]
[Result "0-1"]
[WhiteElo "2176"]
[BlackElo "2305"]

1.e4 c5 2.Nf3 e6 3.d4 cxd4 4.Nxd4 Nc6 5.Nc3 Qc7 6.Be2 a6 7.a4 Nf6 8.O-O Be7
9.Be3 O-O 10.Nb3 b6 11.f4 d6 12.g4 Nd7 13.g5 f6 14.Bc4 Nc5 15.Qg4 f5 16.exf5 d5
17.f6 dxc4 18.fxe7 Nxe7 19.Nxc5 bxc5 20.Ne4 Nf5 21.Qe2 Bb7 22.Nxc5 Bd5 23.b3 e5
24.bxc4 Nxe3 25.Qxe3 Bxc4 26.Rf2 Rac8 27.Nd3 Bxd3 28.Qxd3 exf4 29.Qxa6 Qe5
30.Raf1 Qxg5+ 31.Rg2 Qf5 32.Qb7 Rf7 33.Qb3 g5 34.Kh1 h6 35.Rd1 f3 36.Rf2  0-1

[Event "39th BPCL ch-IND"]
[Site "Nagpur IND"]
[Date "2002.01.27"]
[Round "11"]
[White "Barua,D"]
[Black "Mishra,N"]
[Result "1-0"]
[WhiteElo "2515"]
[BlackElo "2321"]

1.e4 c5 2.Nf3 e6 3.d4 cxd4 4.Nxd4 Nc6 5.Nc3 a6 6.Be2 Nge7 7.f4 b5 8.Nf3 b4
9.Na4 d5 10.exd5 Nxd5 11.O-O Be7 12.Bd3 Qa5 13.b3 Nc3 14.Nxc3 bxc3 15.a3 Bb7
16.Kh1 Rd8 17.Be3 O-O 18.Qe2 Bf6 19.b4 Qa4 20.Bc5 Rfe8 21.Ng5 Bxg5 22.fxg5 g6
23.Rf4 Ne7 24.Raf1 Nf5 25.b5 Qa5 26.Bb4 Qc7 27.bxa6 Ba8 28.Rc4 Qb8 29.Bxc3 Bd5
30.Rb4 Qc7 31.Qe5 Qxe5 32.Bxe5 Ne3 33.Rf2 Bc4 34.Rxc4 Nxc4 35.Bxc4 Rd1+ 36.Rf1 Rd2
37.Bd3 Ra8 38.Rb1 h6 39.h4  1-0

[Event "TSGM January"]
[Site "Novi Sad YUG"]
[Date "2002.01.27"]
[Round "9"]
[White "Kosanovic,G"]
[Black "Bistric,F"]
[Result "1/2-1/2"]
[WhiteElo "2428"]
[BlackElo "2486"]

1.e4 c5 2.Nc3 Nc6 3.Nf3 e6 4.d4 cxd4 5.Nxd4 Qc7 6.f4 Nxd4 7.Qxd4 a6 8.Be3 b5
9.Be2 Bb7 10.O-O-O Rc8 11.Rd2 Nf6 12.e5 Nd5 13.Nxd5 Bxd5 14.Bf3 Bxf3 15.gxf3 Bc5
16.Qxc5 Qxc5 17.Bxc5 Rxc5 18.Rd6 Ke7 19.Rhd1 Rd8 20.Rxa6 Rdc8 21.c3 R8c7
22.Rb6 f6 23.Re1 Rd5 24.f5 fxe5 25.fxe6 Rc6 26.Rxc6 dxc6 27.Rd1 Kxe6 28.Rxd5 cxd5
29.Kd2 g5 30.Kd3 Kd6 31.a3 h5 32.Ke3 Kc5 33.b3 h4 34.Kd3 h3 35.Ke3 Kd6 36.Kd3 Kc6
37.Kd2 Kd6 38.Kd3 Kc5 39.Ke3 Kb6 40.Kf2 Kc5  1/2-1/2

[Event "Kaissa Open"]
[Site "Kharkov UKR"]
[Date "2002.01.29"]
[Round "8"]
[White "Ivanov,AndA"]
[Black "Zubarev,A1"]
[Result "1-0"]
[WhiteElo "2327"]
[BlackElo "2480"]

1.e4 c5 2.Nf3 Nc6 3.Nc3 e6 4.d4 cxd4 5.Nxd4 Qc7 6.Be3 a6 7.Bd3 Nf6 8.Nxc6 bxc6
9.O-O Be7 10.Na4 c5 11.c4 O-O 12.f4 d6 13.Qf3 Bb7 14.Nc3 Nd7 15.Qh3 Rfe8
16.Rad1 g6 17.f5 Bf6 18.fxg6 hxg6 19.e5 dxe5 20.Ne4 Bxe4 21.Bxe4 Rad8 22.Rxd7 Rxd7
23.Rxf6 Rd1+ 24.Rf1 Rxf1+ 25.Kxf1 f5 26.Bc2 e4 27.Qh6 Qf7 28.Kg1 Qf6 29.Qg5 Qg7
30.h4 Kf7 31.Ba4 Rc8  1-0

[Event "Unilog-Integrata GM"]
[Site "Griesheim GER"]
[Date "2002.01.30"]
[Round "8"]
[White "Schmaltz,R"]
[Black "Milov,L"]
[Result "1-0"]
[WhiteElo "2534"]
[BlackElo "2470"]

1.e4 c5 2.Nf3 e6 3.d4 cxd4 4.Nxd4 Nc6 5.Nc3 Qc7 6.f4 a6 7.Nxc6 bxc6 8.Bd3 d5
9.Qe2 Nf6 10.O-O Be7 11.Bd2 O-O 12.Rae1 Re8 13.Kh1 Bf8 14.e5 Nd7 15.Na4 a5
16.Rf3 g6 17.c4 d4 18.h4 c5 19.h5 Bb7 20.Rg3 Bc6 21.b3 Nb6 22.Nxb6 Qxb6 23.Qg4 Ra7
24.a4 Ree7 25.Kh2 Be8 26.Rh3 Reb7 27.Rb1 Ra6 28.Be1 Qd8 29.Be4 Rba7 30.Rd1 Kg7
31.Rdd3 Kg8 32.Kg1 Kg7 33.Rh2 Kg8 34.Rdh3 f5 35.exf6 Qxf6 36.Bh4 Qg7 37.Rg3 gxh5
38.Qf3 Bg6 39.Qd3 Kf7 40.Rhh3 Be7 41.Bxe7 Rxe7 42.Rg5 Qf6 43.Rxc5 Kg7 44.Rg3 Kh6
45.Rcg5 Rg7 46.Qd2 Bxe4 47.Rxh5+ Kxh5 48.Qe2+ Kh6 49.Rh3+  1-0

[Event "39th BPCL ch-IND"]
[Site "Nagpur IND"]
[Date "2002.01.31"]
[Round "15"]
[White "Sareen,V"]
[Black "Mishra,N"]
[Result "1-0"]
[WhiteElo "2346"]
[BlackElo "2321"]

1.e4 c5 2.Nf3 e6 3.d4 cxd4 4.Nxd4 Nc6 5.Nc3 Qc7 6.Be3 a6 7.Bd3 b5 8.f4 Bb7
9.Nb3 Na5 10.Nxa5 Qxa5 11.a3 Nf6 12.O-O d5 13.exd5 Nxd5 14.Nxd5 Bxd5 15.f5 Qc7
16.fxe6 Bxe6 17.Qf3 Rb8 18.a4 Bc5 19.axb5 Qb6 20.Bxc5 Qxc5+ 21.Qf2 Qxf2+
22.Rxf2 axb5 23.Bxb5+ Ke7 24.c4 Rhc8 25.b3 Rc5 26.Ra7+ Kd6 27.b4 Rcc8 28.c5+ Ke5
29.Re2+ Kd4 30.Ba6 Re8 31.Bb7 Kd3 32.Kf2 Kc4 33.c6 Kxb4 34.c7 Rbc8 35.Bxc8 Rxc8
36.Rc2 Bd5 37.Rb2+ Kc5 38.Rb8 Be6 39.Rxc8 Bxc8 40.Ra8  1-0